Competividad, productividad e inserción externa de America Latina.
Snaha o vytvorenie nového priemyslu, ktorý by zvýšil súťaživosť, vyrovnal priemyslovú bilanciu a dal impulz technologickej činnosti a inovácii. Analýza platobnej nerovnováhy. Charakteristiky nového vzoru technológie a jej medzinárodný vplyv. Analýza zvýšenia produktivity Latinskej Ameriky. Rozsiahle...
Salvato in:
| Autore principale: | |
|---|---|
| Natura: | Capitolo di libro |
| Lingua: | spagnolo |
| Soggetti: | |
| Tags: |
Nessun Tag, puoi essere il primo ad aggiungerne!!
|
MARC
| LEADER | 00000naa a2200000 4500 | ||
|---|---|---|---|
| 001 | r003028 | ||
| 005 | 20220818104457.2 | ||
| 041 | 0 | |a spa | |
| 044 | |a MX | ||
| 245 | 1 | 0 | |a Competividad, productividad e inserción externa de America Latina. |c O. Rosales |
| 520 | |a Snaha o vytvorenie nového priemyslu, ktorý by zvýšil súťaživosť, vyrovnal priemyslovú bilanciu a dal impulz technologickej činnosti a inovácii. Analýza platobnej nerovnováhy. Charakteristiky nového vzoru technológie a jej medzinárodný vplyv. Analýza zvýšenia produktivity Latinskej Ameriky. Rozsiahle tabuľky. | ||
| 610 | 2 | 0 | |a obchod zahraničný |
| 610 | 2 | 0 | |a Latinská Amerika |
| 610 | 2 | 0 | |a rozvoj technický |
| 610 | 2 | 0 | |a inovácia |
| 610 | 2 | 0 | |a MŠKV |
| 610 | 2 | 0 | |a svet |
| 610 | 2 | 0 | |a údaje štatistické |
| 610 | 2 | 0 | |a 1955-1987 |
| 610 | 2 | 0 | |a konkurencieschopnosť |
| 100 | 1 | |a Rosales, O. | |